1756 1447 1103 1552 1123 1462 1945 1077 1315 1033 1536 1086 1725 1103 1898 1220 1815 1845 1484 1625 1017 1133 1756 1076 1350 1344 1510 1407 1874 1099 1721 1425 1988 1454 1665 1078 1166 1645 1422 1994 1832 1659 1767 1576 1576 1412 1996 1833 1105 1454 1366 1453 1744 1455 1820 1939 1786 1992 1663 1193 1243 1536 1442 1222 1656 1319 1208 1555 1871 1118 1458 1341 1654 1796 1901 1556 1595 1384 1461 1585 1282 1139 1676 1444 1705 1236 1619 1406 1910 1591 1192 1955 1238 1824 1945 1817 1313 1718 1651 BCNSPRNW ULIB Ver.6.0+V

เปลี่ยนเป็นภาษาไทย

Change to English
 แสดงรายละเอียดบรรณานุกรม
  กลับหน้าหลัก

Brief Record : Get Marc (ISO 2709) : E-mail record : QR code < ปิดหน้าต่าง
LEADER : 00000nam 2200000uu 4500
001    13399128008
003     ULIB
008    020711s2563 th a 000 0 tha d
020    ^a9786161143640
060    ^aWY18^bพ53ค
100    ^aเพ็ญจมาศ คำธนะ และคณะ
245    ^aคู่มือการใช้หลักสูตรการคิดเชิงออกแบบเพื่อเสริมสร้างสมรรถนะนวัตกรของนักศึกษาพยาบาล วิทยาลัยพยาบาลบรมราชชนนี ราชบุรี
250    ^aพิมพ์ครั้งที่ 1
260    ^aกรุงเทพฯ :^bจรัลสนิทวงศ์การพิมพ์,^c2563
300    ^a143 หน้า;^b26 ซม.
650    ^aการคิดเชิงออกแบบ
945    ^p0^l0^i008605
999    ^aประนอม เกษจรัล
รายการนี้ยังไม่มีแท็ก
คุณยังไม่ได้ล็อกอิน คุณสามารถมีกิจกรรมร่วมกับเว็บไซต์ได้ แต่ต้องล็อกอินก่อน ::
  ล็อกอิน

รายการสื่อสารสนเทศ

ลำดับที่ ประเภท เลขเรียก/บาร์โค้ด สถานที่ สถานะ
1. Book การพยาบาล
หนังสือสำรอง
สถานะ=หนังสือสำรอง
WY18 พ53ค ฉ.1 
  Barcode: 008605
ห้องสมุดวิทยาเขตสวรรค์ประชารักษ์
►หนังสือทั่วไป
บนชั้น

รายการใกล้เคียง
    ผู้แต่ง [เพ็ญจมาศ คำธนะ และคณะ]

BibComment


ยังไม่เคยถูกคอมเมนท์

คอมเมนท์ทรัพยากรรายการนี้
  คอมเมนท์: คู่มือการใช้หลัก..


 Copyright 2026. Bcnsprnw @Library